[Event "DEM U18 2023"]
[Site "Willingen GER"]
[Date "2023.05.28"]
[Round "1"]
[White "Chitsazian, Daniel"]
[Black "Hommer, Jeremy"]
[Result "0-1"]
[Termination "normal"]
[Board "10"]
[WhiteElo "1900"]
[BlackElo "2313"]
[WhiteClock "00:29:53"]
[BlackClock "00:53:13"]
[PlyCount "102"]
[WhiteFideId "34607560"]
[BlackFideId "12992577"]
[EventCountry "GER"]
[EventRounds "9"]
[EventType "swiss"]
[EventDate "2023.05.27"]

1. Nf3 {[%clk 01:30:56]  [%emt 00:00:02]} 1... Nf6 {[%clk 01:30:36]  [%emt
00:00:24]} 2. g3 {[%clk 01:31:23]  [%emt 00:00:04]} 2... e6 {[%clk 01:30:30] 
[%emt 00:00:36]} 3. Bg2 {[%clk 01:31:48]  [%emt 00:00:04]} 3... Be7 {[%clk
01:30:30]  [%emt 00:00:30]} 4. O-O {[%clk 01:32:08]  [%emt 00:00:10]} 4... O-O
{[%clk 01:30:49]  [%emt 00:01:39]} 5. c4 {[%clk 01:31:05]  [%emt 00:00:04]}
5... d5 {[%clk 01:31:10]  [%emt 00:00:09]} 6. d4 {[%clk 01:28:50]  [%emt
00:03:02]} 6... dxc4 {[%clk 01:31:11]  [%emt 00:00:12]} 7. Ne5 {[%clk 01:28:02]
 [%emt 00:01:18]} 7... Nc6 {[%clk 01:31:05]  [%emt 00:00:35]} 8. Bxc6 {[%clk
01:07:42]  [%emt 00:20:51]} 8... bxc6 {[%clk 01:31:26]  [%emt 00:00:09]} 9.
Nxc6 {[%clk 01:08:08]  [%emt 00:00:04]} 9... Qe8 {[%clk 01:31:48]  [%emt
00:00:08]} 10. Nxe7+ {[%clk 01:08:36]  [%emt 00:00:03]} 10... Qxe7 {[%clk
01:32:12]  [%emt 00:00:06]} 11. Qa4 {[%clk 01:06:52]  [%emt 00:02:14]} 11... e5
{[%clk 01:27:40]  [%emt 00:05:01]} 12. dxe5 {[%clk 01:05:05]  [%emt 00:02:18]}
12... Qxe5 {[%clk 01:26:18]  [%emt 00:01:54]} 13. f3 {[%clk 00:45:44]  [%emt
00:19:50]} 13... Qxe2 {[%clk 01:14:25]  [%emt 00:12:22]} 14. Nc3 {[%clk
00:43:56]  [%emt 00:02:18]} 14... Qe6 {[%clk 01:11:29]  [%emt 00:03:26]} 15.
Rf2 {[%clk 00:35:30]  [%emt 00:08:57]} 15... Bd7 {[%clk 01:05:47]  [%emt
00:06:12]} 16. Qc2 {[%clk 00:33:15]  [%emt 00:02:45]} 16... Rfe8 {[%clk
01:01:16]  [%emt 00:05:17]} 17. Bg5 {[%clk 00:29:17]  [%emt 00:04:08]} 17...
Bc6 {[%clk 00:49:27]  [%emt 00:12:22]} 18. Bf4 {[%clk 00:20:12]  [%emt
00:09:35]} 18... Rac8 {[%clk 00:46:55]  [%emt 00:03:03]} 19. Ne2 {[%clk
00:16:39]  [%emt 00:04:02]} 19... Bd5 {[%clk 00:43:03]  [%emt 00:04:22]} 20.
Bg5 {[%clk 00:12:34]  [%emt 00:04:36]} 20... Qb6 {[%clk 00:41:20]  [%emt
00:02:12]} 21. Bxf6 {[%clk 00:11:16]  [%emt 00:01:48]} 21... Qxf6 {[%clk
00:41:31]  [%emt 00:00:18]} 22. Nc3 {[%clk 00:07:42]  [%emt 00:04:05]} 22... c6
{[%clk 00:39:30]  [%emt 00:02:31]} 23. Rd1 {[%clk 00:05:53]  [%emt 00:02:18]}
23... Rcd8 {[%clk 00:37:54]  [%emt 00:02:07]} 24. f4 {[%clk 00:04:39]  [%emt
00:01:44]} 24... Qe7 {[%clk 00:34:52]  [%emt 00:03:32]} 25. Qa4 {[%clk
00:02:45]  [%emt 00:02:25]} 25... Qc5 {[%clk 00:34:42]  [%emt 00:00:39]} 26.
Qa3 {[%clk 00:02:56]  [%emt 00:00:19]} 26... Qxa3 {[%clk 00:29:44]  [%emt
00:05:28]} 27. bxa3 {[%clk 00:03:25]  [%emt 00:00:01]} 27... Re3 {[%clk
00:27:11]  [%emt 00:03:03]} 28. Nxd5 {[%clk 00:03:03]  [%emt 00:00:53]} 28...
cxd5 {[%clk 00:24:16]  [%emt 00:03:25]} 29. Rfd2 {[%clk 00:02:47]  [%emt
00:00:46]} 29... Rxa3 {[%clk 00:23:57]  [%emt 00:00:49]} 30. Rxd5 {[%clk
00:02:07]  [%emt 00:01:10]} 30... Rxd5 {[%clk 00:24:16]  [%emt 00:00:10]} 31.
Rxd5 {[%clk 00:02:37]} 31... g6 {[%clk 00:24:32]  [%emt 00:00:14]} 32. Rc5
{[%clk 00:02:37]  [%emt 00:00:30]} 32... c3 {[%clk 00:24:37]  [%emt 00:00:26]}
33. g4 {[%clk 00:02:33]  [%emt 00:00:34]} 33... Kf8 {[%clk 00:24:06]  [%emt
00:01:00]} 34. Kf1 {[%clk 00:01:58]  [%emt 00:01:06]} 34... Rxa2 {[%clk
00:23:51]  [%emt 00:00:45]} 35. Rxc3 {[%clk 00:02:22]  [%emt 00:00:05]} 35...
Rxh2 {[%clk 00:24:16]  [%emt 00:00:05]} 36. Ra3 {[%clk 00:02:00]  [%emt
00:00:52]} 36... Rh4 {[%clk 00:24:37]  [%emt 00:00:08]} 37. Kf2 {[%clk
00:02:15]  [%emt 00:00:15]} 37... Rxg4 {[%clk 00:24:52]  [%emt 00:00:15]} 38.
Kf3 {[%clk 00:02:42]  [%emt 00:00:04]} 38... Rg1 {[%clk 00:24:58]  [%emt
00:00:24]} 39. Rxa7 {[%clk 00:02:38]  [%emt 00:00:34]} 39... Kg7 {[%clk
00:25:10]  [%emt 00:00:17]} 40. Ra5 {[%clk 00:01:08]  [%emt 00:02:01]} 40...
Rb1 {[%clk 00:22:11]  [%emt 00:03:28]} 41. Kg4 {[%clk 00:28:35]  [%emt
00:03:04]} 41... Rb3 {[%clk 00:51:33]  [%emt 00:01:08]} 42. f5 {[%clk 00:27:48]
 [%emt 00:01:17]} 42... Rb4+ {[%clk 00:51:28]  [%emt 00:00:35]} 43. Kg3 {[%clk
00:27:57]  [%emt 00:00:21]} 43... Kf6 {[%clk 00:51:40]  [%emt 00:00:17]} 44.
fxg6 {[%clk 00:28:17]  [%emt 00:00:11]} 44... hxg6 {[%clk 00:51:55]  [%emt
00:00:14]} 45. Kf3 {[%clk 00:28:27]  [%emt 00:00:21]} 45... g5 {[%clk 00:52:04]
 [%emt 00:00:21]} 46. Ra6+ {[%clk 00:28:52]  [%emt 00:00:05]} 46... Kf5 {[%clk
00:52:18]  [%emt 00:00:15]} 47. Ra5+ {[%clk 00:29:15]  [%emt 00:00:07]} 47...
Kg6 {[%clk 00:52:44]  [%emt 00:00:05]} 48. Ra6+ {[%clk 00:29:40]  [%emt
00:00:06]} 48... f6 {[%clk 00:53:12]  [%emt 00:00:02]} 49. Kg3 {[%clk 00:29:59]
 [%emt 00:00:11]} 49... Rf4 {[%clk 00:53:14]  [%emt 00:00:27]} 50. Ra8 {[%clk
00:29:31]  [%emt 00:00:58]} 50... Re4 {[%clk 00:52:59]  [%emt 00:00:44]} 51.
Ra6 {[%clk 00:29:53]  [%emt 00:00:09]} 51... Kf5 {[%clk 00:53:13]  [%emt
00:00:16]} 0-1

[Event "DEM U18 2023"]
[Site "Willingen GER"]
[Date "2023.05.28"]
[Round "1"]
[White "Spriestersbach, Kai"]
[Black "Großmann, Piet"]
[Result "1-0"]
[Termination "normal"]
[Board "11"]
[WhiteElo "2230"]
[BlackElo "1935"]
[WhiteClock "00:27:02"]
[BlackClock "00:24:15"]
[PlyCount "89"]
[WhiteFideId "16269985"]
[BlackFideId "16234359"]
[EventCountry "GER"]
[EventRounds "9"]
[EventType "swiss"]
[EventDate "2023.05.27"]

1. e4 {[%clk 01:30:56]  [%emt 00:00:02]} 1... e6 {[%clk 01:30:54]  [%emt
00:00:07]} 2. d4 {[%clk 01:31:21]  [%emt 00:00:04]} 2... d5 {[%clk 01:31:16] 
[%emt 00:00:08]} 3. e5 {[%clk 01:31:47]  [%emt 00:00:05]} 3... c5 {[%clk
01:31:25]  [%emt 00:00:21]} 4. c3 {[%clk 01:32:11]  [%emt 00:00:06]} 4... Nc6
{[%clk 01:31:52]  [%emt 00:00:04]} 5. Nf3 {[%clk 01:32:36]  [%emt 00:00:04]}
5... Bd7 {[%clk 01:31:21]  [%emt 00:02:31]} 6. Be2 {[%clk 01:32:27]} 6... cxd4
{[%clk 01:30:13]  [%emt 00:00:49]} 7. cxd4 {[%clk 01:32:49]  [%emt 00:00:08]}
7... Nge7 {[%clk 01:30:39]  [%emt 00:00:03]} 8. Na3 {[%clk 01:32:55]  [%emt
00:00:24]} 8... Nf5 {[%clk 01:30:39]  [%emt 00:00:31]} 9. Nc2 {[%clk 01:33:15] 
[%emt 00:01:21]} 9... Qb6 {[%clk 01:31:04]} 10. h4 {[%clk 01:21:23]  [%emt
00:14:18]} 10... Rc8 {[%clk 01:17:14]  [%emt 00:11:17]} 11. g4 {[%clk 01:09:50]
 [%emt 00:12:07]} 11... Nfe7 {[%clk 01:17:30]  [%emt 00:00:13]} 12. h5 {[%clk
01:01:46]  [%emt 00:13:30]} 12... Na5 13. Kf1 {[%clk 00:57:25]  [%emt
00:16:17]} 13... Bb5 {[%clk 00:56:04]} 14. Kg2 {[%clk 00:54:43]  [%emt
00:09:14]} 14... Bxe2 {[%clk 00:45:21]} 15. Qxe2 {[%clk 00:54:59]  [%emt
00:11:27]} 15... Nec6 {[%clk 00:45:05]  [%emt 00:00:46]} 16. b3 {[%clk
00:48:17]  [%emt 00:07:12]} 16... Be7 {[%clk 00:39:33]  [%emt 00:06:01]} 17. g5
{[%clk 00:43:59]  [%emt 00:04:49]} 17... a6 {[%clk 00:28:00]  [%emt 00:12:04]}
18. Be3 {[%clk 00:36:01]  [%emt 00:08:27]} 18... Qb5 {[%clk 00:24:49]  [%emt
00:03:41]} 19. Qd1 {[%clk 00:26:29]  [%emt 00:10:01]} 19... Nb4 {[%clk
00:23:32]  [%emt 00:01:48]} 20. Nxb4 {[%clk 00:26:07]  [%emt 00:00:52]} 20...
Qxb4 {[%clk 00:23:30]  [%emt 00:00:32]} 21. g6 {[%clk 00:23:41]  [%emt
00:02:56]} 21... fxg6 {[%clk 00:18:24]  [%emt 00:05:37]} 22. hxg6 {[%clk
00:24:05]  [%emt 00:00:06]} 22... h6 {[%clk 00:18:49]  [%emt 00:00:04]} 23. Ne1
{[%clk 00:23:10]  [%emt 00:01:25]} 23... Kd7 {[%clk 00:17:01]  [%emt 00:02:18]}
24. Nd3 {[%clk 00:22:36]  [%emt 00:01:04]} 24... Qb5 {[%clk 00:17:16]  [%emt
00:00:14]} 25. Nf4 {[%clk 00:16:55]  [%emt 00:06:11]} 25... Rcf8 {[%clk
00:14:02]  [%emt 00:03:45]} 26. Qg4 {[%clk 00:10:34]  [%emt 00:06:52]} 26...
Rf5 {[%clk 00:13:10]  [%emt 00:01:21]} 27. Nh5 {[%clk 00:10:44]  [%emt
00:00:20]} 27... Rg8 {[%clk 00:12:51]  [%emt 00:00:50]} 28. Ng3 {[%clk
00:11:03]  [%emt 00:00:10]} 28... Rff8 {[%clk 00:13:05]  [%emt 00:00:16]} 29.
Rad1 {[%clk 00:10:33]  [%emt 00:01:01]} 29... Nc6 {[%clk 00:10:54]  [%emt
00:02:40]} 30. f4 {[%clk 00:09:35]  [%emt 00:01:28]} 30... Qb4 {[%clk 00:08:52]
 [%emt 00:02:33]} 31. Rd3 {[%clk 00:06:40]  [%emt 00:03:24]} 31... a5 {[%clk
00:08:08]  [%emt 00:01:13]} 32. f5 {[%clk 00:06:36]  [%emt 00:00:35]} 32...
Nxe5 {[%clk 00:07:31]  [%emt 00:01:07]} 33. fxe6+ {[%clk 00:06:36]  [%emt
00:00:30]} 33... Kd8 {[%clk 00:04:03]  [%emt 00:03:57]} 34. a3 {[%clk 00:03:49]
 [%emt 00:03:19]} 34... Qb5 {[%clk 00:02:20]  [%emt 00:02:12]} 35. dxe5 {[%clk
00:04:04]  [%emt 00:00:14]} 35... Qxd3 {[%clk 00:02:42]  [%emt 00:00:09]} 36.
Qa4 {[%clk 00:02:26]  [%emt 00:02:08]} 36... Kc8 {[%clk 00:01:44]  [%emt
00:01:29]} 37. Bb6 {[%clk 00:00:47]  [%emt 00:02:09]} 37... Qd2+ {[%clk
00:01:07]  [%emt 00:01:06]} 38. Kh3 {[%clk 00:01:10]  [%emt 00:00:06]} 38...
Rf3 {[%clk 00:00:35]  [%emt 00:01:02]} 39. Qd7+ {[%clk 00:01:02]  [%emt
00:00:38]} 39... Kb8 {[%clk 00:01:00]  [%emt 00:00:06]} 40. Rg1 {[%clk
00:00:39]  [%emt 00:00:53]} 40... Bg5 {[%clk 00:00:33]  [%emt 00:00:57]} 41. e7
{[%clk 00:28:26]  [%emt 00:02:43]} 41... Bxe7 {[%clk 00:29:05]  [%emt
00:01:58]} 42. Qxe7 {[%clk 00:28:49]  [%emt 00:00:07]} 42... Qf4 {[%clk
00:28:57]  [%emt 00:00:38]} 43. Qd6+ {[%clk 00:27:09]  [%emt 00:02:10]} 43...
Ka8 {[%clk 00:29:10]  [%emt 00:00:17]} 44. Qxd5 {[%clk 00:26:39]  [%emt
00:01:00]} 44... h5 {[%clk 00:24:15]  [%emt 00:05:25]} 45. Qxg8+ {[%clk
00:27:02]  [%emt 00:00:07]} 1-0

[Event "DEM U18 2023"]
[Site "Willingen GER"]
[Date "2023.05.28"]
[Round "1"]
[White "May, Ben-Iven"]
[Black "Lutz, Ruben"]
[Result "1/2-1/2"]
[Termination "normal"]
[Board "12"]
[WhiteElo "1940"]
[BlackElo "2211"]
[WhiteClock "00:04:44"]
[BlackClock "00:01:38"]
[PlyCount "206"]
[WhiteFideId "16229673"]
[BlackFideId "12975974"]
[EventCountry "GER"]
[EventRounds "9"]
[EventType "swiss"]
[EventDate "2023.05.27"]

1. e4 {[%clk 01:30:56]  [%emt 00:00:03]} 1... e6 {[%clk 01:30:52]  [%emt
00:00:09]} 2. d4 {[%clk 01:31:17]  [%emt 00:00:09]} 2... d5 {[%clk 01:31:15] 
[%emt 00:00:06]} 3. exd5 {[%clk 01:31:13]  [%emt 00:00:34]} 3... exd5 {[%clk
01:31:39]  [%emt 00:00:06]} 4. Bd3 {[%clk 01:31:06]  [%emt 00:00:38]} 4... Bd6
{[%clk 01:32:00]  [%emt 00:01:47]} 5. Nf3 {[%clk 01:30:44]} 5... Ne7 {[%clk
01:31:50]} 6. O-O {[%clk 01:29:09]  [%emt 00:01:59]} 6... Nbc6 {[%clk 01:31:29]
 [%emt 00:01:16]} 7. c3 {[%clk 01:29:04]  [%emt 00:00:09]} 7... Bg4 {[%clk
01:30:59]  [%emt 00:01:00]} 8. Re1 {[%clk 01:26:43]  [%emt 00:02:51]} 8... Qd7
{[%clk 01:28:11]  [%emt 00:03:17]} 9. Na3 {[%clk 01:16:19]  [%emt 00:10:55]}
9... Bxa3 {[%clk 01:08:31]  [%emt 00:20:10]} 10. bxa3 {[%clk 01:16:46]  [%emt
00:00:03]} 10... O-O {[%clk 01:08:32]  [%emt 00:00:29]} 11. h3 {[%clk 00:55:58]
 [%emt 00:21:18]} 11... Bf5 {[%clk 01:07:06]  [%emt 00:01:55]} 12. Rb1 {[%clk
00:48:25]  [%emt 00:08:04]} 12... b6 {[%clk 00:58:40]  [%emt 00:08:57]} 13. Bf4
{[%clk 00:40:47]  [%emt 00:08:08]} 13... Bxd3 {[%clk 00:47:32]  [%emt
00:11:37]} 14. Qxd3 {[%clk 00:41:12]  [%emt 00:00:05]} 14... Na5 {[%clk
00:42:46]  [%emt 00:05:16]} 15. Ne5 {[%clk 00:31:42]  [%emt 00:09:59]} 15...
Qd8 {[%clk 00:39:36]  [%emt 00:03:42]} 16. Bh2 {[%clk 00:27:05]  [%emt
00:05:07]} 16... Ng6 {[%clk 00:32:58]  [%emt 00:07:08]} 17. Qf5 {[%clk
00:24:04]  [%emt 00:03:30]} 17... c6 {[%clk 00:28:16]  [%emt 00:05:12]} 18. Re3
{[%clk 00:16:04]  [%emt 00:08:30]} 18... Nxe5 {[%clk 00:24:19]  [%emt
00:04:28]} 19. Bxe5 {[%clk 00:16:27]  [%emt 00:00:06]} 19... Nc4 {[%clk
00:19:15]  [%emt 00:05:34]} 20. Rg3 {[%clk 00:16:20]  [%emt 00:00:37]} 20... f6
{[%clk 00:18:40]  [%emt 00:01:05]} 21. Bf4 {[%clk 00:15:02]  [%emt 00:01:48]}
21... Qc8 {[%clk 00:17:15]  [%emt 00:01:55]} 22. Qh5 {[%clk 00:14:41]  [%emt
00:00:51]} 22... Qd7 {[%clk 00:16:09]  [%emt 00:01:36]} 23. Bh6 {[%clk
00:11:05]  [%emt 00:04:05]} 23... Rf7 {[%clk 00:16:08]  [%emt 00:00:30]} 24.
Re1 {[%clk 00:11:09]  [%emt 00:00:27]} 24... Nd6 {[%clk 00:15:29]  [%emt
00:01:09]} 25. Bf4 {[%clk 00:08:07]  [%emt 00:03:33]} 25... Qf5 {[%clk
00:12:05]  [%emt 00:03:53]} 26. Qxf5 {[%clk 00:07:10]  [%emt 00:01:27]} 26...
Nxf5 {[%clk 00:12:31]  [%emt 00:00:04]} 27. Rf3 {[%clk 00:06:51]  [%emt
00:00:49]} 27... Re7 {[%clk 00:11:10]  [%emt 00:01:51]} 28. Rxe7 {[%clk
00:05:44]  [%emt 00:01:38]} 28... Nxe7 {[%clk 00:11:35]  [%emt 00:00:04]} 29.
Re3 {[%clk 00:03:58]  [%emt 00:02:16]} 29... Kf7 {[%clk 00:11:42]  [%emt
00:00:23]} 30. a4 {[%clk 00:04:14]  [%emt 00:00:15]} 30... g5 {[%clk 00:08:24] 
[%emt 00:03:47]} 31. Bh2 {[%clk 00:04:05]  [%emt 00:00:39]} 31... h5 {[%clk
00:06:52]  [%emt 00:02:02]} 32. g4 {[%clk 00:02:50]  [%emt 00:01:45]} 32... Rh8
{[%clk 00:02:55]  [%emt 00:04:26]} 33. Bg3 {[%clk 00:02:46]  [%emt 00:00:35]}
33... a6 {[%clk 00:01:30]  [%emt 00:01:55]} 34. Kg2 {[%clk 00:01:37]  [%emt
00:01:39]} 34... b5 {[%clk 00:01:13]  [%emt 00:00:47]} 35. axb5 {[%clk
00:01:48]  [%emt 00:00:20]} 35... axb5 {[%clk 00:01:27]  [%emt 00:00:15]} 36.
Bd6 {[%clk 00:01:50]  [%emt 00:00:28]} 36... Ng6 {[%clk 00:01:17]  [%emt
00:00:40]} 37. Re2 {[%clk 00:01:03]  [%emt 00:01:18]} 37... Rd8 {[%clk
00:01:08]  [%emt 00:00:38]} 38. Bg3 {[%clk 00:00:39]  [%emt 00:00:53]} 38...
hxg4 {[%clk 00:00:45]  [%emt 00:00:54]} 39. hxg4 {[%clk 00:01:08]  [%emt
00:00:02]} 39... Ne7 {[%clk 00:00:46]  [%emt 00:00:28]} 40. Bc7 {[%clk
00:00:37]  [%emt 00:01:01]} 40... Rd7 {[%clk 00:01:00]  [%emt 00:00:16]} 41.
Bb6 {[%clk 00:27:41]  [%emt 00:03:26]} 41... Ng6 {[%clk 00:28:17]  [%emt
00:03:12]} 42. Kg3 {[%clk 00:24:08]  [%emt 00:04:03]} 42... Nf4 {[%clk
00:28:26]  [%emt 00:00:21]} 43. Re3 {[%clk 00:18:36]  [%emt 00:06:03]} 43...
Kg6 {[%clk 00:19:27]  [%emt 00:09:29]} 44. f3 {[%clk 00:12:52]  [%emt
00:06:14]} 44... Rh7 {[%clk 00:19:14]  [%emt 00:00:43]} 45. a3 {[%clk 00:12:17]
 [%emt 00:01:05]} 45... Rh3+ {[%clk 00:15:29]  [%emt 00:04:14]} 46. Kf2 {[%clk
00:12:40]  [%emt 00:00:08]} 46... Rh2+ {[%clk 00:15:49]  [%emt 00:00:10]} 47.
Kf1 {[%clk 00:11:27]  [%emt 00:01:42]} 47... Rd2 {[%clk 00:12:36]  [%emt
00:03:43]} 48. Bc7 {[%clk 00:09:50]  [%emt 00:02:07]} 48... Kf7 {[%clk
00:09:54]  [%emt 00:03:12]} 49. Bd6 {[%clk 00:08:32]  [%emt 00:01:48]} 49...
Ne6 {[%clk 00:05:49]  [%emt 00:04:36]} 50. Ke1 {[%clk 00:06:26]  [%emt
00:02:36]} 50... Rc2 {[%clk 00:05:32]  [%emt 00:00:47]} 51. Bb4 {[%clk
00:06:11]  [%emt 00:00:45]} 51... Rh2 {[%clk 00:04:11]  [%emt 00:01:51]} 52.
Kf1 {[%clk 00:04:50]  [%emt 00:01:51]} 52... Rc2 {[%clk 00:03:45]  [%emt
00:00:55]} 53. Ke1 {[%clk 00:04:24]  [%emt 00:00:56]} 53... Rc1+ {[%clk
00:04:06]  [%emt 00:00:10]} 54. Kd2 {[%clk 00:04:26]  [%emt 00:00:28]} 54...
Rh1 {[%clk 00:04:13]  [%emt 00:00:22]} 55. Bd6 {[%clk 00:03:50]  [%emt
00:01:06]} 55... Rh3 {[%clk 00:04:13]  [%emt 00:00:31]} 56. Ke2 {[%clk
00:03:37]  [%emt 00:00:43]} 56... Nf4+ {[%clk 00:03:21]  [%emt 00:01:22]} 57.
Kf2 {[%clk 00:03:30]  [%emt 00:00:37]} 57... Rh2+ {[%clk 00:01:40]  [%emt
00:02:11]} 58. Kf1 {[%clk 00:03:52]  [%emt 00:00:08]} 58... Rc2 {[%clk
00:01:20]  [%emt 00:00:50]} 59. Bb4 {[%clk 00:04:04]  [%emt 00:00:18]} 59...
Ng6 {[%clk 00:01:11]  [%emt 00:00:39]} 60. Re2 {[%clk 00:02:03]  [%emt
00:02:31]} 60... Rc1+ {[%clk 00:01:21]  [%emt 00:00:20]} 61. Re1 {[%clk
00:02:09]  [%emt 00:00:24]} 61... Rc2 {[%clk 00:01:17]  [%emt 00:00:34]} 62.
Re2 {[%clk 00:02:36]  [%emt 00:00:03]} 62... Rc1+ {[%clk 00:01:42]  [%emt
00:00:05]} 63. Re1 {[%clk 00:03:03]  [%emt 00:00:03]} 63... Rxe1+ {[%clk
00:02:08]  [%emt 00:00:04]} 64. Kxe1 {[%clk 00:03:31]  [%emt 00:00:02]} 64...
Ke6 {[%clk 00:02:07]  [%emt 00:00:31]} 65. Kf2 {[%clk 00:03:35]  [%emt
00:00:26]} 65... Nf4 {[%clk 00:01:44]  [%emt 00:00:53]} 66. Ke3 {[%clk
00:03:42]  [%emt 00:00:23]} 66... Kd7 {[%clk 00:01:26]  [%emt 00:00:48]} 67.
Bf8 {[%clk 00:03:23]  [%emt 00:00:49]} 67... Ne6 {[%clk 00:01:21]  [%emt
00:00:34]} 68. Bb4 {[%clk 00:03:48]  [%emt 00:00:05]} 68... Nf4 {[%clk
00:01:12]  [%emt 00:00:39]} 69. Bf8 {[%clk 00:03:45]  [%emt 00:00:34]} 69...
Ke6 {[%clk 00:01:36]  [%emt 00:00:06]} 70. Bc5 {[%clk 00:03:35]  [%emt
00:00:39]} 70... f5 {[%clk 00:01:51]  [%emt 00:00:16]} 71. Bf8 {[%clk 00:03:06]
 [%emt 00:00:59]} 71... Ng6 {[%clk 00:01:39]  [%emt 00:00:42]} 72. Bc5 {[%clk
00:02:34]  [%emt 00:01:02]} 72... Kf6 {[%clk 00:01:24]  [%emt 00:00:45]} 73.
Bd6 {[%clk 00:02:46]  [%emt 00:00:18]} 73... Ke6 {[%clk 00:01:40]  [%emt
00:00:14]} 74. Bc5 {[%clk 00:03:11]  [%emt 00:00:06]} 74... Nh8 {[%clk
00:01:33]  [%emt 00:00:36]} 75. Bf8 {[%clk 00:01:55]  [%emt 00:01:46]} 75...
Nf7 {[%clk 00:01:37]  [%emt 00:00:26]} 76. Kf2 {[%clk 00:01:49]  [%emt
00:00:36]} 76... Kf6 {[%clk 00:01:33]  [%emt 00:00:33]} 77. Kg3 {[%clk
00:01:57]  [%emt 00:00:23]} 77... Nd8 {[%clk 00:01:50]  [%emt 00:00:13]} 78.
Bd6 {[%clk 00:02:16]  [%emt 00:00:10]} 78... Nf7 {[%clk 00:01:28]  [%emt
00:00:53]} 79. Bf8 {[%clk 00:02:37]  [%emt 00:00:09]} 79... fxg4 {[%clk
00:01:43]  [%emt 00:00:15]} 80. Kxg4 {[%clk 00:02:00]  [%emt 00:01:07]} 80...
Nd8 {[%clk 00:00:52]  [%emt 00:01:22]} 81. Bd6 {[%clk 00:01:57]  [%emt
00:00:31]} 81... Ne6 {[%clk 00:00:43]  [%emt 00:00:40]} 82. Be5+ {[%clk
00:01:56]  [%emt 00:00:31]} 82... Kg6 {[%clk 00:00:57]  [%emt 00:00:16]} 83.
Bd6 {[%clk 00:02:16]  [%emt 00:00:09]} 83... Nd8 {[%clk 00:00:53]  [%emt
00:00:34]} 84. Be7 {[%clk 00:02:13]  [%emt 00:00:34]} 84... Nf7 {[%clk
00:01:06]  [%emt 00:00:17]} 85. Bf8 {[%clk 00:02:41]  [%emt 00:00:03]} 85...
Kf6 {[%clk 00:01:18]  [%emt 00:00:17]} 86. f4 {[%clk 00:02:51]  [%emt
00:00:20]} 86... gxf4 {[%clk 00:01:26]  [%emt 00:00:22]} 87. Kxf4 {[%clk
00:03:18]  [%emt 00:00:03]} 87... Nh8 {[%clk 00:00:56]  [%emt 00:00:59]} 88.
Bd6 {[%clk 00:03:17]  [%emt 00:00:30]} 88... Nf7 {[%clk 00:01:12]  [%emt
00:00:15]} 89. Bf8 {[%clk 00:03:33]  [%emt 00:00:14]} 89... Nd8 {[%clk
00:01:23]  [%emt 00:00:20]} 90. Bd6 {[%clk 00:03:44]  [%emt 00:00:18]} 90...
Ne6+ {[%clk 00:01:38]  [%emt 00:00:15]} 91. Kg4 {[%clk 00:03:51]  [%emt
00:00:23]} 91... Kg6 {[%clk 00:01:59]  [%emt 00:00:09]} 92. Be7 {[%clk
00:03:52]  [%emt 00:00:29]} 92... Ng7 {[%clk 00:01:55]  [%emt 00:00:35]} 93.
Bf8 {[%clk 00:03:26]  [%emt 00:00:56]} 93... Nh5 {[%clk 00:01:47]  [%emt
00:00:38]} 94. Be7 {[%clk 00:03:32]  [%emt 00:00:24]} 94... Ng7 {[%clk
00:02:07]  [%emt 00:00:10]} 95. Bf8 {[%clk 00:03:49]  [%emt 00:00:12]} 95...
Nf5 {[%clk 00:02:00]  [%emt 00:00:37]} 96. Kf4 {[%clk 00:04:03]  [%emt
00:00:16]} 96... Kf6 {[%clk 00:02:11]  [%emt 00:00:19]} 97. Bc5 {[%clk
00:04:02]  [%emt 00:00:31]} 97... Nh4 {[%clk 00:01:50]  [%emt 00:00:51]} 98.
Kg3 {[%clk 00:03:25]  [%emt 00:01:07]} 98... Ng6 {[%clk 00:01:48]  [%emt
00:00:33]} 99. Kg4 {[%clk 00:03:52]  [%emt 00:00:03]} 99... Nh8 {[%clk
00:01:46]  [%emt 00:00:32]} 100. Kf4 {[%clk 00:04:00]  [%emt 00:00:21]} 100...
Nf7 {[%clk 00:02:08]  [%emt 00:00:08]} 101. Bf8 {[%clk 00:04:17]  [%emt
00:00:13]} 101... Nd8 {[%clk 00:01:29]  [%emt 00:01:10]} 102. Bd6 {[%clk
00:04:20]  [%emt 00:00:26]} 102... Nb7 {[%clk 00:01:38]  [%emt 00:00:22]} 103.
Bb4 {[%clk 00:04:44]  [%emt 00:00:06]} 103... Nd8 1/2-1/2